| 000 | 00459nam a2200181Ia 4500 | ||
|---|---|---|---|
| 001 | 24611 | ||
| 005 | 20260414151055.0 | ||
| 008 | 260414t2017||||xx |||||||||||||| ||spa|| | ||
| 041 | _aESP | ||
| 082 |
_a345.721 _bB141 V. 45 |
||
| 100 |
_aRivas Caso, Gino _eAUT |
||
| 245 | 0 |
_aArbitraje : _bla motivación de las decisiones arbitrales |
|
| 260 | _c2017 | ||
| 300 |
_a438 pƔginas : _c24 cm. |
||
| 650 | _aDER | ||
| 654 | _aCDE | ||
| 942 |
_cLIB _dJUS _fJUS _2ddc _n |
||
| 999 |
_c24611 _d24611 |
||